000 00320nam a2200121Ia 4500
008 191201s2003 xx 000 0 und d
100 _aBHARGAVA, M L
245 0 _aMathematics Text Book for XI (Solved Helpbook)
260 _aN. Delhi
_bJeevan Sons Publication
_c2003
300 _aMISC
650 _aApplied
942 _2ddc
_cBK
999 _c77
_d77